000
00308nam a2200133Ia 4500
008
230312s9999||||xx |||||||||||||| ||und||
020
_a
81-7868-094-1
082
_a
615
_b
CAR-C
100
_a
Carpenter
245
0
_a
Cecil Essentials of medicine
300
_a
1070
650
_a
Medical
_v
Medicine
942
_c
BK
999
_c
2337
_d
2337